[Event "Montreal Varennes op"]
[Site "Montreal"]
[Date "2017.10.07"]
[Round "3"]
[White "Mahdjoubi, Abdelaziz"]
[Black "Couture, Jonathan"]
[Result "0-1"]
[WhiteElo "1775"]
[BlackElo "1947"]
[PlyCount "56"]
[EventDate "2017.10.06"]
[EventType "swiss"]
[EventRounds "5"]
[EventCountry "CAN"]
[SourceTitle "CBM 181 Extra"]
[Source "ChessBase"]
[SourceDate "2017.12.12"]
[SourceVersion "1"]
[SourceVersionDate "2017.12.12"]
[SourceQuality "1"]

1. e4 g6 2. d4 Bg7 3. Bc4 d6 4. Qf3 e6 5. Ne2 Nc6 6. c3 Nf6 7. Bg5 h6 8. Bh4 e5 9. h3 g5 10. Bg3 0-0 11. h4 g4 12. Qe3 exd4 13. cxd4 Re8 14. Nbc3 Qe7 15. f3 Nh5 16. Nd5 Qd8 17. Bf4 Nxf4 18. Ndxf4 Na5 19. Bd3 c5 20. Nh5 cxd4 21. Nxd4 Nc4 22. Bxc4 Qa5+ 23. Qd2 Qxh5 24. Nb5 gxf3 25. 0-0-0 Be6 26. g4 Qc5 27. Nxd6 Bxc4 28. Nxe8 Bd3+ 0-1

[Event "Montreal op"]
[Site "Montreal"]
[Date "2017.09.09"]
[Round "3"]
[White "Mahdjoubi, Abdelaziz"]
[Black "Saine, Zachary"]
[Result "0-1"]
[WhiteElo "1815"]
[BlackElo "1772"]
[PlyCount "118"]
[EventDate "2017.09.08"]
[EventType "swiss"]
[EventRounds "5"]
[EventCountry "CAN"]
[SourceTitle "CBM 180 Extra"]
[Source "ChessBase"]
[SourceDate "2017.10.06"]
[SourceVersion "1"]
[SourceVersionDate "2017.10.06"]
[SourceQuality "1"]

1. e4 e5 2. Nf3 Nc6 3. Bb5 Nf6 4. d3 d6 5. a3 Be7 6. 0-0 0-0 7. Re1 a6 8. Bc4 Be6 9. Ba2 h6 10. Nbd2 Re8 11. Nf1 Bf8 12. Bxe6 fxe6 13. b4 a5 14. b5 Nd4 15. Nxd4 exd4 16. f4 e5 17. f5 Qd7 18. a4 d5 19. Ng3 dxe4 20. Nxe4 Nxe4 21. dxe4 c5 22. Ra3 Qf7 23. Rg3 Kh7 24. Rg6 c4 25. Qh5 Re7 26. g4 Qe8 27. g5 Re6 28. gxh6 Rxg6+ 29. Qxg6+ Qxg6+ 30. fxg6+ Kxg6 31. hxg7 Kxg7 32. Rf1 Bb4 33. Rf5 d3 34. cxd3 cxd3 35. Rf2 Bc5 36. Kf1 Bxf2 37. Kxf2 Rd8 38. Ke3 Rd4 39. Bd2 b6 40. Bc3 d2 41. Bxd2 Rxa4 42. Bc3 Kf6 43. h4 Ra3 44. Kd3 Rb3 45. Kc4 Rb1 46. Bd2 Kg6 47. Bc3 Kh5 48. Bxe5 Rb4+ 49. Kd3 Kxh4 50. Bd4 Rxb5 51. e5 Kg5 52. e6 Kg6 53. e7 Kf7 54. Bf6 Rf5 55. Bh4 Re5 56. Bf2 Rb5 57. Bh4 a4 58. Kc4 Rb1 59. Bf6 a3 0-1

[Event "Ottawa RA March op"]
[Site "Ottawa"]
[Date "2017.03.05"]
[Round "4"]
[White "Donev, Danail"]
[Black "Mahdjoubi, Abdelaziz"]
[Result "1-0"]
[WhiteElo "1945"]
[BlackElo "1950"]
[PlyCount "55"]
[EventDate "2017.03.03"]
[EventType "swiss"]
[EventRounds "5"]
[EventCountry "CAN"]
[SourceTitle "EXT 2022"]
[Source "ChessBase"]
[SourceDate "2021.10.06"]
[SourceVersion "1"]
[SourceVersionDate "2021.10.06"]
[SourceQuality "1"]

1. e4 e5 2. Nf3 Nc6 3. Bc4 Bc5 4. b4 Bxb4 5. c3 Bc5 6. d4 exd4 7. 0-0 Nf6 8. e5 d5 9. exf6 dxc4 10. Re1+ Be6 11. fxg7 Rg8 12. Bg5 Qd5 13. cxd4 Nxd4 14. Ne5 Rxg7 15. Nc3 Ne2+ 16. Qxe2 Qd4 17. Nb5 Qxf2+ 18. Qxf2 Bxf2+ 19. Kxf2 Rxg5 20. Nxc7+ Ke7 21. Nxa8 Kd6 22. Rad1+ Kc5 23. Nc7 Rf5+ 24. Kg1 b5 25. Nxe6+ fxe6 26. a3 a5 27. Nd7+ Kc6 28. Rxe6+ 1-0

[Event "Ottawa RA March op"]
[Site "Ottawa"]
[Date "2017.03.04"]
[Round "2"]
[White "Mahdjoubi, Abdelaziz"]
[Black "Couture, Jonathan"]
[Result "0-1"]
[WhiteElo "1950"]
[BlackElo "2015"]
[PlyCount "115"]
[EventDate "2017.03.03"]
[EventType "swiss"]
[EventRounds "5"]
[EventCountry "CAN"]
[SourceTitle "EXT 2022"]
[Source "ChessBase"]
[SourceDate "2021.10.06"]
[SourceVersion "1"]
[SourceVersionDate "2021.10.06"]
[SourceQuality "1"]

1. e4 g6 2. d4 Bg7 3. Nf3 d6 4. Nc3 a6 5. Bc4 e6 6. Bg5 Ne7 7. Qd2 h6 8. Bh4 Nd7 9. Bb3 b5 10. a4 b4 11. Ne2 a5 12. Nf4 Rg8 13. 0-0-0 g5 14. Nh5 Nf8 15. Bg3 Nh7 16. h4 Ng6 17. Kb1 Bf8 18. hxg5 hxg5 19. Nh2 Qe7 20. Qd3 Bd7 21. Ng4 Bg7 22. e5 Kd8 23. exd6 cxd6 24. Rhe1 Ra7 25. Ne3 Qf8 26. Nc4 d5 27. Ne5 Nxe5 28. dxe5 f5 29. exf6 Nxf6 30. Nxg7 Rxg7 31. Be5 Rf7 32. Bd4 Ra8 33. Bb6+ Kc8 34. Qg3 Ne8 35. Bxd5 exd5 36. Rxd5 Kb7 37. Bc5 Qh6 38. Rxg5 Bxa4 39. Rg6 Qd2 40. Rb6+ Kc8 41. Rbe6 Qxc2+ 42. Ka1 Rc7 43. Qg8 Kb7 44. Rb6+ Ka7 45. Be3 Rac8 46. Rc6+ Kb7 47. Rxc2 Rxc2 48. Qd5+ Bc6 49. Qf7+ Rc7 50. Qg6 b3 51. g3 Rg7 52. Qd3 a4 53. Bf4 Rd7 54. Qe3 Nc7 55. Rc1 Nd5 56. Qe1 Re7 57. Qa5 Ree2 58. Rb1 0-1

[Event "Ottawa Eastern Ontario op"]
[Site "Ottawa"]
[Date "2016.06.25"]
[Round "2"]
[White "Mahdjoubi, Abdelaziz"]
[Black "Marin, Sam"]
[Result "0-1"]
[WhiteElo "1736"]
[BlackElo "1950"]
[PlyCount "78"]
[EventDate "2016.06.24"]
[EventType "swiss"]
[EventRounds "5"]
[EventCountry "CAN"]
[SourceTitle "EXT 2022"]
[Source "ChessBase"]
[SourceDate "2021.10.06"]
[SourceVersion "1"]
[SourceVersionDate "2021.10.06"]
[SourceQuality "1"]

1. e4 e6 2. d4 d5 3. e5 c5 4. c3 Nc6 5. Nf3 Qb6 6. Bd3 Bd7 7. 0-0 cxd4 8. cxd4 Nxd4 9. Nbd2 Nc6 10. Nb3 f6 11. Be3 Qc7 12. exf6 Nxf6 13. Ng5 Bd6 14. Nc5 Bxc5 15. Bxc5 b6 16. Ba3 Qf4 17. Nh3 Qh4 18. Rc1 Ne5 19. Ba6 Nc4 20. Bxc4 dxc4 21. Qd6 Kf7 22. Qe7+ Kg6 23. Rc3 Rhe8 24. Rg3+ Qxg3 25. hxg3 Rxe7 26. Bxe7 Re8 27. Bb4 e5 28. f3 Bxh3 29. gxh3 Kf5 30. g4+ Ke6 31. Re1 Nd5 32. Bd2 Rf8 33. Kf2 Nf4 34. Bxf4 Rxf4 35. h4 Rd4 36. Re2 Rd3 37. h5 Kd5 38. f4 e4 39. g5 Rf3+ 0-1

[Event "Gatineau Outaouais op"]
[Site "Gatineau"]
[Date "2016.06.03"]
[Round "1"]
[White "Demchenko, Svitlana"]
[Black "Mahdjoubi, Abdelaziz"]
[Result "1-0"]
[WhiteElo "2063"]
[BlackElo "1918"]
[PlyCount "143"]
[EventDate "2016.06.03"]
[EventType "swiss"]
[EventRounds "5"]
[EventCountry "CAN"]
[SourceTitle "EXT 2022"]
[Source "ChessBase"]
[SourceDate "2021.10.06"]
[SourceVersion "1"]
[SourceVersionDate "2021.10.06"]
[SourceQuality "1"]

1. e4 e5 2. Nf3 Nc6 3. Bc4 Nf6 4. Ng5 d5 5. exd5 Na5 6. Bb5+ c6 7. dxc6 bxc6 8. Qf3 Bb7 9. Ba4 Qd4 10. Bb3 Nxb3 11. Qxb3 Qd7 12. 0-0 Bd6 13. Nc3 0-0 14. Nge4 Nxe4 15. Nxe4 Be7 16. d3 Kh8 17. Qc3 Qd5 18. f3 f5 19. Nd2 Bc5+ 20. Kh1 Rae8 21. Nb3 Bb6 22. a4 a5 23. Bd2 c5 24. Qc4 Qd6 25. Bxa5 Ba7 26. Qh4 Rf6 27. Bc3 Rh6 28. Qg5 Bc8 29. Rae1 Rf6 30. Qe3 Rfe6 31. Na5 f4 32. Qe4 Bb6 33. Nc4 Qe7 34. Nxb6 Rxb6 35. Qxe5 Re6 36. Qxf4 Rxe1 37. Bxe1 Qxe1 38. Qf8+ Rxf8 39. Rxe1 h6 40. Re5 Bd7 41. Rxc5 Bxa4 42. Kg1 Kh7 43. b3 Bd7 44. Rd5 Bc6 45. Rd6 Ba8 46. Kf2 Re8 47. b4 Kg8 48. c4 Kf7 49. Rd7+ Kf6 50. b5 Ke6 51. Rxg7 Ke5 52. Rd7 Ke6 53. Rh7 Ke5 54. Rxh6 Kd4 55. Rd6+ Kc3 56. c5 Kb4 57. c6 Kxb5 58. c7 Rc8 59. Rd8 Bb7 60. Rxc8 Bxc8 61. Ke3 Kc6 62. Ke4 Kxc7 63. Ke5 Kd7 64. f4 Ke7 65. f5 Kf7 66. g4 Bb7 67. g5 Bg2 68. h4 Kg7 69. d4 Bf3 70. d5 Bh5 71. d6 Kf7 72. g6+ 1-0

[Event "Gatineau op"]
[Site "Gatineau"]
[Date "2016.03.06"]
[Round "5"]
[White "Forouzandeh, Ehsan"]
[Black "Mahdjoubi, Abdelaziz"]
[Result "0-1"]
[WhiteElo "1625"]
[BlackElo "1810"]
[PlyCount "70"]
[EventDate "2016.03.04"]
[EventType "swiss"]
[EventRounds "5"]
[EventCountry "CAN"]
[SourceTitle "EXT 2022"]
[Source "ChessBase"]
[SourceDate "2021.10.06"]
[SourceVersion "1"]
[SourceVersionDate "2021.10.06"]
[SourceQuality "1"]

1. e4 e6 2. d4 d5 3. exd5 exd5 4. Bd3 Bd6 5. Nf3 Nf6 6. 0-0 0-0 7. h3 h6 8. Re1 Be6 9. Be3 Qc8 10. Nbd2 Nbd7 11. c3 Re8 12. Qc2 b6 13. b4 c5 14. bxc5 bxc5 15. dxc5 Nxc5 16. Bxc5 Bxc5 17. Nb3 Bb6 18. Nbd4 a6 19. Nxe6 fxe6 20. Bg6 Re7 21. Rab1 Ba7 22. Qd3 Qc7 23. Ne5 Rf8 24. Re2 Bxf2+ 25. Kh1 Ba7 26. Rb3 a5 27. a4 Kh8 28. Rb1 Bb8 29. Rf1 Rc8 30. Rxf6 gxf6 31. Ng4 Qf4 32. Rf2 Qc1+ 33. Rf1 Qxc3 34. Qxc3 Rxc3 35. Nxh6 Kg7 0-1